ბათუმის შოთა რუსთაველის სახელმწიფო უნივერსიტეტის ბიბლიოთეკა

საუბარი ახალგაზრდებთან (ბიბ.ჩანაწერი № 48708)

000 -LEADER
fixed length control field 01046nam a2200229Ia 4500
001 - CONTROL NUMBER
control field 15608
003 - CONTROL NUMBER IDENTIFIER
control field GE_BSU
008 - FIXED-LENGTH DATA ELEMENTS--GENERAL INFORMATION
fixed length control field 181216s||||||||xx |||||||||||||| ||und||
040 ## - CATALOGING SOURCE
Transcribing agency GE_BSU
080 ## - UNIVERSAL DECIMAL CLASSIFICATION NUMBER
Universal Decimal Classification number 821.161.1.09
100 ## - MAIN ENTRY--PERSONAL NAME
Personal name გორკი, მაქსიმ
245 ## - TITLE STATEMENT
Title საუბარი ახალგაზრდებთან
245 ## - TITLE STATEMENT
Remainder of title ახალგაზრდული და საბავშვო ლიტერატურის შესახებ
245 ## - TITLE STATEMENT
Statement of responsibility, etc. შეადგ. და თარგმნა გ. მერკვილაძემ.რედ. ლ.გოგოხია. მხატვ. მ. კიკნაველიძე
260 ## - PUBLICATION, DISTRIBUTION, ETC.
Place of publication, distribution, etc. თბილისი
260 ## - PUBLICATION, DISTRIBUTION, ETC.
Name of publisher, distributor, etc. ნაკადული
260 ## - PUBLICATION, DISTRIBUTION, ETC.
Date of publication, distribution, etc. 1967
300 ## - PHYSICAL DESCRIPTION
Extent 398გვ. ; 22სმ.
653 ## - INDEX TERM--UNCONTROLLED
Uncontrolled term ახალგაზრდული და საბავშვო ლიტერატურის შესახებ
653 ## - INDEX TERM--UNCONTROLLED
Uncontrolled term საუბარი ახალგაზრდებთან
942 ## - ADDED ENTRY ELEMENTS (KOHA)
Koha item type წიგნი
ეგზემპლარები
Withdrawn status Lost status Damaged status Not for loan Date acquired Barcode Date last seen Price effective from Koha item type
        2018-12-17 21182 2018-12-17 2018-12-17 წიგნი
        2018-12-17 21183 2018-12-17 2018-12-17 წიგნი
        2018-12-17 21184 2018-12-17 2018-12-17 წიგნი
        2018-12-17 21185 2018-12-17 2018-12-17 წიგნი